000 00359nam a22001577a 4500
003 SGT
020 _a9789384765776
082 _a610.73
_bI20M
100 _aMASIH, SHABNAM
245 _aINTRODUCTION TO NURSING SERVICE ADMINISTRATION
250 _a1ST
260 _aINDIA
_bLOTUS PUB
_c2020
300 _a231
650 _aNURSING
942 _2ddc
_cBK
_064
999 _c21955
_d21955